Guess the Main Characters- Squid Game - Statistics

General Stats
  • This quiz has been taken 108 times
  • The average score is 6 of 9
Answer Stats
Actor Character % Correct
Park Hae-soo Cho Sang-woo
88%
Lee Jung-jae Seong Gi-hun
88%
HoYeon Jung Kang Sae-byeok
80%
Anupam Tripathi Abdul Ali
75%
Oh Young-soo Oh Il-nam
68%
Heo Sung-tae Jang Deok-su
66%
Kim Joo-ryeong Han Mi-nyeo
64%
Lee Yoo-Mi Ji-yeong
47%
Wi Ha-joon Hwang Jun-ho
31%
No matching quizzes found
Score Distribution
Percent of People with Each Score
Percentile by Number Answered
Your Score History
You have not taken this quiz